书目信息 |
| 题名: |
中国社会舆情年度报告
|
|
| 作者: | 喻国明 主编 | |
| 分册: | 2012 | |
| 出版信息: | 北京 人民日报出版社 2012.04 |
|
| 页数: | 245页 | |
| 开本: | 24cm | |
| 丛书名: | 人民日报传媒书系 | |
| 单 册: | ||
| 中图分类: | D668 | |
| 科图分类: | ||
| 主题词: | 社会调查--调查报告--中国--2012 , 社会调查 | |
| 电子资源: | ||
| ISBN: | 978-7-5115-0933-8 | |
| 000 | 01081oam2 2200277 450 | |
| 001 | 011120010891 | |
| 005 | 20130704153306.34 | |
| 010 | @a978-7-5115-0933-8@dCNY39.00 | |
| 100 | @a20120606d2012 em y0chiy50 ea | |
| 101 | 0 | @achi |
| 102 | @aCN@b110000 | |
| 105 | @aak z 000yy | |
| 106 | @ar | |
| 200 | 1 | @a中国社会舆情年度报告@9zhong guo she hui yu qing nian du bao gao@dAnnual report on public opinion in China@h2012@f喻国明主编@zeng |
| 210 | @a北京@c人民日报出版社@d2012.04 | |
| 215 | @a245页@c图@d24cm | |
| 225 | 2 | @a人民日报传媒书系@i中国社会舆情蓝皮书系列 |
| 330 | @a本书将舆论热点议题按照时间维度、数量维度、显著维度、集中维度、意见维度五个指标计算出相应结果后,转化为平均分,进而将所有数值相加,形成整体议题的舆情指数。 | |
| 462 | 0 | @12001 @a人民日报传媒书系@i中国社会舆情蓝皮书系列 |
| 510 | 1 | @aAnnual report on public opinion in China@h2012@zeng |
| 606 | 0 | @a社会调查@x调查报告@y中国@z2012 |
| 606 | 0 | @a社会调查 |
| 690 | @aD668@v5 | |
| 701 | 0 | @a喻国明@9yu guo ming@f(1957-)@4主编 |
| 801 | 0 | @aCN@bRENTIAN@c20120606 |
| 905 | @b547362-66@dD668@e134@f5 | |
| 中国社会舆情年度报告=Annual report on public opinion in China.2012/喻国明主编.-北京:人民日报出版社,2012.04 |
| 245页:图;24cm.-(人民日报传媒书系.中国社会舆情蓝皮书系列) |
| ISBN 978-7-5115-0933-8:CNY39.00 |
| 本书将舆论热点议题按照时间维度、数量维度、显著维度、集中维度、意见维度五个指标计算出相应结果后,转化为平均分,进而将所有数值相加,形成整体议题的舆情指数。 |
| ● |
| 相关链接 |
|
|
|
|
正题名:中国社会舆情年度报告
索取号:D668/134
 
预约/预借
| 序号 | 登录号 | 条形码 | 馆藏地/架位号 | 状态 | 备注 |
| 1 | 547362 | 205473628 | 第一样本阅览室/ [索取号:D668/134] | 在馆 | |
| 2 | 547363 | 205473637 | 第一借阅区/ [索取号:D668/134] | 在馆 | |
| 3 | 547364 | 205473646 | 第一借阅区/ [索取号:D668/134] | 在馆 | |
| 4 | 547365 | 205473655 | 第一借阅区/ [索取号:D668/134] | 在馆 | |
| 5 | 547366 | 205473664 | 第一借阅区/ [索取号:D668/134] | 在馆 |